000 00516nam a2200169Ia 4500
008 090201s9999 xx 000 0 und d
010 _aKPL-35631
040 _bमराठी
041 _aमराठी
082 _a21978
_b35631
100 _aरमेश पवार
245 _aखुनाची गजल
_cरमेश पवार
260 _c2004
_bमॅजेस्टिक प्रकाशन
300 _a79
_bलहान
600 _aखुनाची गजल
942 _cBOOK
999 _c221553
_d221553